| 000 | 00000nam##2200000za#4500 |
| 001 | 9.681556 |
| 003 | CaOODSP |
| 005 | 20200330071246 |
| 007 | ta |
| 008 | 150407|2001||||xxc||||| f|0| 0 fre|d |
| 020 | |a0-662-86021-7 |
| 040 | |aCaOODSP|bfre |
| 043 | |an-cn--- |
| 086 | 1 |aEn37-131/2001F |
| 110 | 1 |aCanada.|bEnvironnement Canada. |bDirection de l'économie environnementale. |
| 245 | 10|aTarification municipale de l'eau, 1991-1999 / |cpar David Burke, Luis Leigh et Valerie Sexton. |
| 260 | |aOttawa - Ontario : |bEnvironnement Canada. |c2001. |
| 300 | |aiv, 56p. (pp. 17-55 consistent de tableaux.) : |bgraphiques, tableaux ; |c28 cm. |
| 500 | |aDonnées de catalogage avant publication (Canada) imprimées dans cette publication. |
| 504 | |aBibliographie. |
| 563 | |aReliure à anneaux |
| 590 | |a01-35|b2001-08-31 |
| 691 | 07|aEau|2gcpds |
| 691 | 07|aEau potable|2gcpds |
| 691 | 07|aQualité de l'eau|2gcpds |
| 691 | 07|aGestion de l'eau|2gcpds |
| 720 | 1 |aBurke, David. |
| 720 | 1 |aLeigh, Luis. |
| 720 | 1 |aSexton, Valerie. |
| 775 | 08|tMunicipal water pricing, 1991-1999 / |w(CaOODSP)9.648248 |
| 776 | 0#|tTarification municipale de l'eau, 1991-1999 / |w(CaOODSP)9.639637 |